000
00293nam a2200109Ia 4500
008
190914s9999||||xx |||||||||||||| ||und||
100
_a
Dr. Asrar . H. Siddiqi
245
0
_a
Finance of Foreign Trade And Foreign Exchange
260
_a
Karachi
_b
Royal Book
_c
2003
300
_a
1067
942
_c
BK
999
_c
10120
_d
10120